| 000 | 00880cam a2200169ua 4500 | ||
|---|---|---|---|
| 020 | _c2.00 | ||
| 041 |
_amal _h |
||
| 082 |
_a501 _bCJS/SA |
||
| 110 | 1 |
_aC.J Smaraka Prasang Samithi . _b _c(Koothattukulam ) |
|
| 245 | _aSasthrayugathil | ||
| 260 |
_aKoothattukulam : _bC.J Smaraka Prasanga Samithi , _c1968. |
||
| 300 | _a130 ; . | ||
| 365 | _a2.00 | ||
| 504 | _a | ||
| 942 | _cBK | ||
| 999 |
_c4306 _d4306 |
||